[Event "Wch U18 Girls"]
[Site "Khanty-Mansiysk"]
[Date "2016.10.02"]
[Round "10"]
[White "Yolal, Sena Gokcen"]
[Black "Hwang, Chyi"]
[Result "1-0"]
[WhiteElo "1737"]
[BlackElo "1356"]
[PlyCount "73"]
[EventDate "2016.09.22"]
[EventType "swiss"]
[EventRounds "11"]
[EventCountry "RUS"]
[SourceTitle "EXT 2017"]
[Source "ChessBase"]
[SourceDate "2016.10.25"]
[SourceVersion "1"]
[SourceVersionDate "2016.10.25"]
[SourceQuality "1"]

1. e4 e5 2. Nf3 Nc6 3. Bc4 Bc5 4. b4 Bxb4 5. c3 Ba5 6. d4 exd4 7. 0-0 Nge7 8. cxd4 d5 9. exd5 Nxd5 10. Qb3 Be6 11. Ba3 Bb6 12. Re1 Na5 13. Qa4+ c6 14. Bd3 Ne7 15. Nc3 0-0 16. d5 cxd5 17. Bxh7+ Kxh7 18. Qh4+ Kg8 19. Ng5 Bf5 20. Bxe7 Qd7 21. Bxf8 Rxf8 22. Rad1 d4 23. Nce4 d3 24. Qg3 f6 25. Nh3 Bxe4 26. Rxe4 d2 27. Re2 Nc4 28. Qb3 Qf7 29. Nf4 Rc8 30. g3 Kh8 31. Re4 Re8 32. Rxe8+ Qxe8 33. Qxc4 Qe1+ 34. Qf1 Bxf2+ 35. Kg2 Qe4+ 36. Kxf2 Qd4+ 37. Kg2 1-0

[Event "Wch U18 Girls"]
[Site "Khanty-Mansiysk"]
[Date "2016.09.28"]
[Round "6"]
[White "Yolal, Sena Gokcen"]
[Black "Sit, Victoria"]
[Result "1-0"]
[WhiteElo "1737"]
[BlackElo "1768"]
[PlyCount "77"]
[EventDate "2016.09.22"]
[EventType "swiss"]
[EventRounds "11"]
[EventCountry "RUS"]
[SourceTitle "EXT 2017"]
[Source "ChessBase"]
[SourceDate "2016.10.25"]
[SourceVersion "1"]
[SourceVersionDate "2016.10.25"]
[SourceQuality "1"]

1. e4 c5 2. Nf3 e6 3. d4 cxd4 4. Nxd4 Nc6 5. Nc3 Qc7 6. g3 a6 7. Bg2 Nf6 8. 0-0 Be7 9. Re1 d6 10. Nxc6 bxc6 11. e5 dxe5 12. Rxe5 0-0 13. Bf4 Qd7 14. Qf3 Nd5 15. Rd1 Qb7 16. Bc1 Bf6 17. Rh5 Bd7 18. Ne4 Be7 19. c4 f5 20. cxd5 fxe4 21. Qxe4 g6 22. dxe6 Be8 23. Rh3 Qb6 24. Qe2 Bc5 25. Rf1 Rb8 26. g4 Qa7 27. Rf3 Rxf3 28. Qxf3 Qe7 29. Qe4 Rb4 30. Qe2 Rb6 31. b3 a5 32. Bb2 Bd6 33. Rd1 c5 34. Re1 Bb5 35. Qf3 Qc7 36. h3 Bc6 37. Qf6 Bh2+ 38. Kh1 Be8 39. Qh8# 1-0

[Event "EU-ch U18 Girls 26th"]
[Site "Prague"]
[Date "2016.08.27"]
[Round "9"]
[White "Yolal, Sena Gokcen"]
[Black "Arvai, Eszter"]
[Result "1-0"]
[WhiteElo "1646"]
[BlackElo "1955"]
[PlyCount "109"]
[EventDate "2016.08.18"]
[EventType "swiss"]
[EventRounds "9"]
[EventCountry "CZE"]
[SourceTitle "CBM 174 Extra"]
[Source "ChessBase"]
[SourceDate "2016.10.10"]
[SourceVersion "1"]
[SourceVersionDate "2016.10.10"]
[SourceQuality "1"]

1. e4 e5 2. Nf3 Nc6 3. Bc4 Bc5 4. b4 Bb6 5. a4 a6 6. c3 d6 7. h3 Nf6 8. d3 h6 9. 0-0 0-0 10. Re1 Ne7 11. Nbd2 Ng6 12. Nf1 Nf4 13. d4 Qe7 14. Bxf4 exf4 15. e5 Nh7 16. Qd2 g5 17. Qc2 Kg7 18. N1d2 f6 19. Bd3 Rh8 20. exd6 Qxd6 21. Nc4 Qd8 22. Re2 Nf8 23. Rae1 Be6 24. Nxb6 cxb6 25. c4 h5 26. d5 Bf7 27. Nd4 g4 28. Nf5+ Kg8 29. Re7 Ng6 30. Rxb7 Ne5 31. Ne7+ Kg7 32. Nf5+ Kg8 33. Ne7+ Kg7 34. Nc6 Qc8 35. Rxb6 gxh3 36. Nxe5 fxe5 37. Bf5 Qd8 38. Rb7 Rb8 39. Rxb8 Qxb8 40. Bxh3 Re8 41. Qd2 Qd6 42. Qc3 Bg8 43. Bf5 Bh7 44. Be4 Qe7 45. Bf3 Kf6 46. b5 axb5 47. axb5 Qc7 48. Qb4 Rc8 49. Rc1 Bg6 50. c5 Re8 51. b6 Qb8 52. c6 e4 53. c7 Qb7 54. Qd6+ Kg5 55. Qd8+ 1-0

[Event "EU-ch U18 Girls 26th"]
[Site "Prague"]
[Date "2016.08.25"]
[Round "7"]
[White "Kyrkjebo, Marte Bakken"]
[Black "Yolal, Sena Gokcen"]
[Result "0-1"]
[WhiteElo "1866"]
[BlackElo "1646"]
[PlyCount "154"]
[EventDate "2016.08.18"]
[EventType "swiss"]
[EventRounds "9"]
[EventCountry "CZE"]
[SourceTitle "CBM 174 Extra"]
[Source "ChessBase"]
[SourceDate "2016.10.10"]
[SourceVersion "1"]
[SourceVersionDate "2016.10.10"]
[SourceQuality "1"]

1. e4 c5 2. Nf3 Nc6 3. Bb5 g6 4. Bxc6 bxc6 5. 0-0 Bg7 6. c3 d6 7. d4 cxd4 8. cxd4 Nh6 9. Nc3 0-0 10. h3 Rb8 11. Be3 f5 12. Qd2 fxe4 13. Nxe4 Nf5 14. Rac1 Be6 15. Nc3 Qd7 16. b3 h6 17. Bf4 Kh7 18. g4 Nxd4 19. Nxd4 Bxg4 20. Bg3 Bxh3 21. Rfe1 e5 22. Nc2 Rf3 23. Kh2 Rbf8 24. Re2 d5 25. Rg1 Qf5 26. Rh1 e4 27. Nd1 Rd3 28. Qe1 Be5 29. Nce3 Qe6 30. Bxe5 Qxe5+ 31. Kxh3 d4 32. Kg2 dxe3 33. Nxe3 Qg5+ 34. Kf1 Rf3 35. Rg1 Qd8 36. Kg2 Qg5+ 37. Kf1 Qd8 38. Qb4 Rd5 39. Qb7+ Rd7 40. Qb4 Qe8 41. Rd2 Rdf7 42. Qd6 R3f6 43. Qg3 Qc8 44. Ng4 Rf3 45. Qh4 Qf8 46. Rd8 Qg7 47. Ke2 h5 48. Rg2 R3f4 49. Qh2 Qb2+ 50. Rd2 Qc3 51. Ne3 Qc5 52. Qg1 R4f6 53. Qh2 Qb5+ 54. Ke1 Qb4 55. Ke2 Qb5+ 56. Nc4 Qf5 57. Nd6 Qf3+ 58. Ke1 e3 59. Re2 Rd7 60. Rxe3 Qd5 61. Re5 Re6 62. f4 Qxd6 63. Rd2 Rxe5+ 64. fxe5 Qxd2+ 65. Qxd2 Rxd2 66. Kxd2 g5 67. Ke3 Kg6 68. Ke4 h4 69. Kf3 h3 70. Kg3 g4 71. e6 Kf6 72. Kh2 Kxe6 73. Kg3 Kf5 74. b4 Ke4 75. a4 Kd4 76. b5 cxb5 77. axb5 Kc5 0-1

[Event "Wch U14 Girls"]
[Site "Maribor"]
[Date "2012.11.17"]
[Round "10.16"]
[White "Gologorsky, Rachel Gita"]
[Black "Yolal, Sena Gokcen"]
[Result "0-1"]
[WhiteElo "1979"]
[BlackElo "1662"]
[PlyCount "46"]
[EventDate "2012.11.08"]
[EventType "swiss"]
[EventRounds "11"]
[EventCountry "SLO"]
[SourceTitle "EXT 2013"]
[Source "ChessBase"]
[SourceDate "2012.11.22"]
[SourceVersion "1"]
[SourceVersionDate "2012.11.22"]
[SourceQuality "1"]

1. e4 d5 2. exd5 Qxd5 3. Nc3 Qa5 4. d4 c6 5. Nf3 Nf6 6. Ne5 Bf5 7. g4 Bg6 8. h4 Nbd7 9. Nc4 Qc7 10. h5 Be4 11. Nxe4 Nxe4 12. Qf3 Nd6 13. Bf4 0-0-0 14. Bxd6 exd6 15. Qxf7 d5 16. Ne3 Bb4+ 17. c3 Rhf8 18. Qxg7 Qf4 19. 0-0-0 Rf7 20. Qxf7 Qxf7 21. cxb4 Qxf2 22. Ng2 Qg3 23. Nh4 Qe3+ 0-1

[Event "TUR-chT"]
[Site "Konya"]
[Date "2012.07.16"]
[Round "7"]
[White "Bal, Sevgican"]
[Black "Yolal, Sena Gokcen"]
[Result "1-0"]
[WhiteElo "1598"]
[BlackElo "1655"]
[PlyCount "73"]
[EventDate "2012.07.11"]
[EventType "team-tourn"]
[EventRounds "13"]
[EventCountry "TUR"]
[SourceTitle "CBM 149 Extra"]
[Source "ChessBase"]
[SourceDate "2012.08.24"]
[SourceVersion "1"]
[SourceVersionDate "2012.08.24"]
[SourceQuality "1"]
[WhiteTeam "Denizli Pamukkale Uni"]
[BlackTeam "Istanbul Teknik Uni"]
[WhiteTeamCountry "TUR"]
[BlackTeamCountry "TUR"]

1. d4 Nf6 2. Nf3 g6 3. Bf4 Bg7 4. Nbd2 d5 5. e3 0-0 6. Bd3 c5 7. c3 Nbd7 8. 0-0 b6 9. Qa4 a6 10. b4 c4 11. Bc2 Bb7 12. Rfe1 Qc8 13. e4 dxe4 14. Nxe4 Nd5 15. Bd2 Bc6 16. Qa3 Qb7 17. Ng3 Rfe8 18. Ng5 e5 19. dxe5 Nxe5 20. f4 Ng4 21. Be4 Ngf6 22. Bf3 Rad8 23. N3e4 Nxe4 24. Nxe4 Bh6 25. Qc1 Qc8 26. h3 Bg7 27. Qa3 Bh6 28. Qc1 Qd7 29. f5 Bxd2 30. Qxd2 Qa7 31. fxg6 fxg6 32. Kh1 Qg7 33. Qg5 h6 34. Qg4 Nf6 35. Nxf6+ Qxf6 36. Qxc4+ Kg7 37. Qxc6 1-0

[Event "TUR-chT"]
[Site "Konya"]
[Date "2012.07.15"]
[Round "5"]
[White "Ustundag, Nefise Melis"]
[Black "Yolal, Sena Gokcen"]
[Result "1/2-1/2"]
[WhiteElo "1571"]
[BlackElo "1655"]
[PlyCount "108"]
[EventDate "2012.07.11"]
[EventType "team-tourn"]
[EventRounds "13"]
[EventCountry "TUR"]
[SourceTitle "CBM 149 Extra"]
[Source "ChessBase"]
[SourceDate "2012.08.24"]
[SourceVersion "1"]
[SourceVersionDate "2012.08.24"]
[SourceQuality "1"]
[WhiteTeam "Antalya Deniz Genclik"]
[BlackTeam "Istanbul Teknik Uni"]
[WhiteTeamCountry "TUR"]
[BlackTeamCountry "TUR"]

1. Nf3 Nf6 2. d4 g6 3. e3 Bg7 4. c4 d5 5. Nc3 0-0 6. h3 c6 7. Bd3 Nbd7 8. 0-0 Re8 9. cxd5 Nxd5 10. Nxd5 cxd5 11. Qb3 Nb8 12. Bd2 Nc6 13. Rac1 e5 14. dxe5 Nxe5 15. Be2 Rb8 16. Rc5 Be6 17. Qc2 Bf5 18. Qb3 Be6 19. Qc2 Rc8 20. Rc1 Rxc5 21. Qxc5 Nxf3+ 22. Bxf3 b6 23. Qb5 Be5 24. Bc3 Bxc3 25. Rxc3 Kf8 26. Rd3 Qg5 27. Kf1 Rd8 28. e4 Bc8 29. Qb4+ Kg8 30. Rxd5 Qc1+ 31. Qe1 Ba6+ 32. Be2 Bxe2+ 33. Kxe2 Qc4+ 34. Kf3 Rxd5 35. exd5 Qxd5+ 36. Kg3 Qd6+ 37. Kf3 Qf6+ 38. Kg3 Qd6+ 39. Kf3 Qc6+ 40. Qe4 Qd7 41. b3 Qc7 42. Qc4 Qd8 43. Qe4 Kg7 44. Qe5+ f6 45. Qe4 Qd7 46. Qe3 Qd5+ 47. Qe4 Qh5+ 48. Qg4 Qd5+ 49. Qe4 Qh5+ 50. Qg4 Qxg4+ 51. Kxg4 f5+ 52. Kf4 Kf6 53. h4 h6 54. Ke3 g5 1/2-1/2

[Event "TUR-chT"]
[Site "Konya"]
[Date "2011.07.02"]
[Round "5"]
[White "Yigit, Aleyna"]
[Black "Yolal, Sena Gokcen"]
[Result "1-0"]
[WhiteElo "1732"]
[BlackElo "1653"]
[PlyCount "69"]
[EventDate "2011.06.28"]
[EventType "team-swiss"]
[EventRounds "13"]
[EventCountry "TUR"]
[SourceTitle "CBM 143 Extra"]
[Source "ChessBase"]
[SourceDate "2011.08.29"]
[SourceVersion "1"]
[SourceVersionDate "2011.08.29"]
[SourceQuality "1"]
[WhiteTeam "Isek Aquamatch"]
[BlackTeam "Istanbul Teknik Uni"]
[WhiteTeamCountry "TUR"]
[BlackTeamCountry "TUR"]

1. e4 d5 2. exd5 Qxd5 3. d4 Nf6 4. Nc3 Qa5 5. Bc4 c6 6. Bd2 Bf5 7. Nd5 Qd8 8. Ne3 Bg6 9. Nf3 e6 10. c3 Bd6 11. Nf1 Nbd7 12. Ng3 Qc7 13. Qe2 0-0-0 14. a4 Nd5 15. Ne4 Bxe4 16. Qxe4 N7f6 17. Qc2 Nf4 18. 0-0 g5 19. Rfe1 Kb8 20. b4 Nd7 21. Be3 g4 22. Nd2 Nd5 23. g3 Nxe3 24. Rxe3 e5 25. Nb3 exd4 26. Nxd4 Ne5 27. Bf1 Qd7 28. Rd1 Qc7 29. Nf5 Nf3+ 30. Kh1 Be5 31. Be2 Rxd1+ 32. Bxd1 Qd7 33. Bxf3 gxf3 34. Rxe5 Rd8 35. Re1 1-0

[Event "TUR-chT"]
[Site "Konya"]
[Date "2011.07.02"]
[Round "6"]
[White "Yolal, Sena Gokcen"]
[Black "Abdimanoglu, Beste Basak"]
[Result "0-1"]
[WhiteElo "1653"]
[BlackElo "1751"]
[PlyCount "88"]
[EventDate "2011.06.28"]
[EventType "team-swiss"]
[EventRounds "13"]
[EventCountry "TUR"]
[SourceTitle "CBM 143 Extra"]
[Source "ChessBase"]
[SourceDate "2011.08.29"]
[SourceVersion "1"]
[SourceVersionDate "2011.08.29"]
[SourceQuality "1"]
[WhiteTeam "Istanbul Teknik Uni"]
[BlackTeam "Deniz Genclik"]
[WhiteTeamCountry "TUR"]
[BlackTeamCountry "TUR"]

1. e4 c5 2. Nf3 d6 3. d4 cxd4 4. Nxd4 Nf6 5. Nc3 g6 6. Be3 Ng4 7. Bg5 h6 8. Bh4 Bg7 9. Bb5+ Bd7 10. Bxd7+ Qxd7 11. 0-0 0-0 12. Nb3 Ne5 13. Qe2 Na6 14. f4 Nc6 15. Rad1 Nc7 16. Bf2 Qe6 17. Nd4 Nxd4 18. Bxd4 b5 19. Bxg7 Kxg7 20. Nd5 Nxd5 21. Rxd5 a6 22. Qf3 Qc8 23. c3 Qc4 24. b3 Qc7 25. f5 Kh7 26. Rd3 Rac8 27. Qg4 Qc5+ 28. Kh1 Qe5 29. Rg3 g5 30. h4 Rg8 31. h5 Rxc3 32. Rxc3 Qxc3 33. Rf3 Qe1+ 34. Kh2 Rc8 35. Qg3 Rc1 36. Kh3 Qxe4 37. Qg4 Rh1+ 38. Kg3 Qe1+ 39. Rf2 Rf1 40. Qe2 Qxf2+ 41. Qxf2 Rxf2 42. Kxf2 Kg7 43. Ke3 Kf6 44. Ke4 d5+ 0-1

[Event "TUR-ch (Women)"]
[Site "Konya"]
[Date "2010.07.13"]
[Round "8"]
[White "Yolal, Sena Gokcen"]
[Black "Tandogan, Buket"]
[Result "1/2-1/2"]
[WhiteElo "1662"]
[BlackElo "1545"]
[PlyCount "106"]
[EventDate "2010.07.10"]
[EventType "swiss"]
[EventRounds "9"]
[EventCountry "TUR"]
[SourceTitle "CBM 137 Extra"]
[Source "ChessBase"]
[SourceDate "2010.09.01"]
[SourceVersion "1"]
[SourceVersionDate "2010.09.01"]
[SourceQuality "1"]

1. e4 c5 2. Nf3 Nc6 3. Nc3 e6 4. d4 cxd4 5. Nxd4 Qc7 6. g3 a6 7. Bg2 Nf6 8. 0-0 Bc5 9. Nxc6 bxc6 10. Na4 Be7 11. c4 d6 12. b3 0-0 13. Bb2 Bb7 14. f4 Nd7 15. Re1 Rfd8 16. Qe2 Rac8 17. c5 Nxc5 18. Nxc5 dxc5 19. e5 Rd7 20. Rad1 Rcd8 21. Be4 c4 22. Rxd7 Qxd7 23. Qxc4 c5 24. Bc3 Bxe4 25. Qxe4 h6 26. Kf2 Qb5 27. h4 Rc8 28. f5 exf5 29. Qxf5 Rf8 30. Qg4 Qd3 31. Bb2 Qc2+ 32. Re2 Qd3 33. Qf4 Qd5 34. Rd2 Qe6 35. Qc4 Qc8 36. Kg1 Qc6 37. Rc2 Qg6 38. Rg2 Rd8 39. Qc2 Qc6 40. Rd2 Rc8 41. Qc4 Rf8 42. Rd5 Qg6 43. Qd3 Qg4 44. Kh2 Qe6 45. Rd7 Rb8 46. Rd5 Qc8 47. Bc1 Rb6 48. Rd7 Re6 49. Qd5 Qb8 50. Bb2 Qc8 51. Qb7 Qe8 52. Qc7 Kf8 53. Ba3 Rxe5 1/2-1/2

[Event "TUR-chT"]
[Site "Konya"]
[Date "2010.07.08"]
[Round "13"]
[White "Sahin, Handenur"]
[Black "Yolal, Sena Gokcen"]
[Result "1-0"]
[WhiteElo "1656"]
[BlackElo "1662"]
[PlyCount "157"]
[EventDate "2010.06.29"]
[EventType "team-tourn"]
[EventRounds "13"]
[EventCountry "TUR"]
[SourceTitle "CBM 137 Extra"]
[Source "ChessBase"]
[SourceDate "2010.09.01"]
[SourceVersion "1"]
[SourceVersionDate "2010.09.01"]
[SourceQuality "1"]

1. d4 d5 2. Nf3 Nf6 3. Bf4 e6 4. e3 c5 5. c3 Nc6 6. Nbd2 Bd6 7. Bg3 0-0 8. Be2 Qe7 9. Bh4 e5 10. dxe5 Bxe5 11. 0-0 Bc7 12. Nb3 c4 13. Nbd4 a6 14. Qc2 g6 15. Rfe1 Bd8 16. Rad1 Qe8 17. Nd2 Nxd4 18. exd4 Bf5 19. Qc1 Qa4 20. b3 Qxa2 21. bxc4 b5 22. c5 Ne4 23. Bxd8 Rfxd8 24. Nxe4 Bxe4 25. Rd2 Qa5 26. Qb2 Re8 27. Ra1 Qd8 28. Qc1 Qg5 29. Bf1 Qf5 30. Rda2 Bd3 31. Ra3 Re6 32. Bxd3 Qxd3 33. Qb1 Qd2 34. Qd1 Qg5 35. Qc1 Qf6 36. Qd1 Rae8 37. g3 h5 38. Qd3 Re2 39. Rf1 h4 40. gxh4 Qxh4 41. Qg3 Qf6 42. Qd6 Qf3 43. Qg3 Qf6 44. Qd6 Qg5+ 45. Qg3 Qd2 46. c6 Re1 47. Rxe1 Qxe1+ 48. Kg2 Qe4+ 49. Qf3 Qe6 50. Rxa6 Qe4 51. Ra3 Qe6 52. Ra6 Rc8 53. Qh3 Rxc6 54. Qxe6 Rxe6 55. Rxe6 fxe6 56. Kf3 Kf7 57. Kf4 Ke8 58. h4 Ke7 59. Ke5 Kf7 60. Kd6 Kf6 61. Kc5 Kf5 62. Kxb5 e5 63. dxe5 Kxe5 64. Kc5 Ke6 65. Kd4 Kd6 66. f3 Ke6 67. f4 Kd6 68. f5 gxf5 69. h5 Ke6 70. h6 Kf6 71. h7 Kg7 72. Ke5 Kxh7 73. Kxf5 Kg7 74. Ke5 Kf7 75. Kxd5 Ke7 76. Kc6 Kd8 77. c4 Kc8 78. c5 Kb8 79. Kd7 1-0

[Event "TUR-chT"]
[Site "Konya"]
[Date "2010.07.02"]
[Round "5"]
[White "Yolal, Sena Gokcen"]
[Black "Menzi, Nezihe Ezgi"]
[Result "1-0"]
[WhiteElo "1662"]
[BlackElo "1851"]
[PlyCount "47"]
[EventDate "2010.06.29"]
[EventType "team-tourn"]
[EventRounds "13"]
[EventCountry "TUR"]
[SourceTitle "CBM 137 Extra"]
[Source "ChessBase"]
[SourceDate "2010.09.01"]
[SourceVersion "1"]
[SourceVersionDate "2010.09.01"]
[SourceQuality "1"]

1. e4 c5 2. Nf3 d6 3. d4 cxd4 4. Nxd4 Nf6 5. Nc3 g6 6. Be3 Bg7 7. f3 0-0 8. Qd2 Nc6 9. Bc4 Bd7 10. h4 Ne5 11. Bb3 Qa5 12. 0-0-0 Rfc8 13. Bg5 Nc4 14. Qd3 b5 15. Bxf6 exf6 16. Nd5 Kf8 17. g4 Bh6+ 18. g5 fxg5 19. hxg5 Bxg5+ 20. f4 Bd8 21. Rxh7 Nb6 22. Nxb6 Qxb6 23. Rxf7+ Ke8 24. Rh1 1-0

[Event "Wch U12 Girls"]
[Site "Kemer"]
[Date "2009.11.20"]
[Round "9"]
[White "Fediuk, Iryna"]
[Black "Yolal, Sena Gokcen"]
[Result "1-0"]
[WhiteElo "1807"]
[BlackElo "1707"]
[PlyCount "95"]
[EventDate "2009.11.12"]
[EventType "swiss"]
[EventRounds "11"]
[EventCountry "TUR"]
[SourceTitle "EXT 2010"]
[Source "ChessBase"]
[SourceDate "2010.11.25"]
[SourceVersion "1"]
[SourceVersionDate "2010.11.25"]
[SourceQuality "1"]

1. e4 c5 2. c3 Nf6 3. e5 Nd5 4. d4 cxd4 5. Nf3 Nc6 6. cxd4 d6 7. h3 Bf5 8. Bd2 e6 9. a3 Qc7 10. Qe2 Be7 11. g4 Bg6 12. Nc3 a6 13. Bg2 Rd8 14. Nxd5 exd5 15. exd6 Qxd6 16. 0-0 Be4 17. Be3 0-0 18. Rfd1 f5 19. Nh2 Bxg2 20. Kxg2 f4 21. Bc1 Bf6 22. Nf3 Rde8 23. Qc2 Re4 24. Qc5 Qe6 25. Bd2 Rc8 26. Rac1 Bxd4 27. Nxd4 Rxd4 28. Re1 Qd7 29. Bb4 Re8 30. Red1 Rxd1 31. Rxd1 d4 32. Bc3 f3+ 33. Kg1 d3 34. Qc4+ Kh8 35. Rxd3 Qc8 36. Rxf3 Qd8 37. Qf7 Rg8 38. Rf5 Qd1+ 39. Kg2 Qd8 40. Rh5 Qd3 41. Rf5 Qe4+ 42. Kh2 Nd4 43. Rf4 Qe6 44. Bxd4 Qd6 45. Bc3 h6 46. Kg2 Qc6+ 47. Kg1 Kh7 48. Rf6 1-0

[Event "Wch U12 Girls"]
[Site "Kemer"]
[Date "2009.11.18"]
[Round "7"]
[White "Amrayeva, Aytan"]
[Black "Yolal, Sena Gokcen"]
[Result "1-0"]
[WhiteElo "1792"]
[BlackElo "1707"]
[PlyCount "39"]
[EventDate "2009.11.12"]
[EventType "swiss"]
[EventRounds "11"]
[EventCountry "TUR"]
[SourceTitle "EXT 2010"]
[Source "ChessBase"]
[SourceDate "2010.11.25"]
[SourceVersion "1"]
[SourceVersionDate "2010.11.25"]
[SourceQuality "1"]

1. d4 d5 2. Bg5 h6 3. Bh4 c6 4. e3 Qb6 5. b3 e5 6. Nf3 exd4 7. Qxd4 Qa5+ 8. Nbd2 Bb4 9. Qxg7 Bc3 10. Ne5 Bxd2+ 11. Kd1 Be6 12. Qxh8 f5 13. Be2 Qc3 14. Bh5+ Kf8 15. Ng6+ Ke8 16. Nf4+ Kd7 17. Qh7+ Kd6 18. Rb1 Nd7 19. Bg6 Ne5 20. Nxe6 1-0